000 01004nam a2200229Ia 4500
001 L248-15045
003 IT-CnALBA
008 170116s9999||||xx |||||||||||||| ||und||
040 _aIT-CnALBA
_cIT-CnALBA
041 _aITALIANO
100 _aCARBONE CARLO, SAC., DOTT.
245 0 _aAGIRE.
250 _a2a ed.
260 _aROMA
_bAVE, ANONIMA VERITA'S EDITRICE
_c1944 [1° Ed.:1944 - Ed.Ling.Originale: 1944]
300 _a193 p. (prefazione: 5)
500 _aLIBERTÀ. ATTI UMANI. LEGGE. MORALITÀ. SANZIONI. FEDE, SPERANZA E CARITÀ. FAMIGLIA E SOCIETÀ. VITA. CASTITÀ. DIRITTO DI PROPRIETÀ. RISPETTO ALLA VERITÀ.
501 _aSocietà San Paolo EM - Piazza San Paolo, 14 - 12051 ALBA (CN) (non commercial uses only) ® Copyright 2017
520 _aLIBERTÀ. ATTI UMANI. LEGGE. MORALITÀ. SANZIONI. FEDE, SPERANZA E CARITÀ. FAMIGLIA E SOCIETÀ. VITA. CASTITÀ. DIRITTO DI PROPRIETÀ. RISPETTO ALLA VERITÀ.
650 _aASCETICA E MISTICA
942 _cBK
957 _71
999 _a19795
_bSI
_g Copie: 1
_c274214
_d274214